000 00383nam a2200145 i 4500
001 22093
003 ES-MaACL
007 t|
008 021129s1968 sp ||||1| spa d
100 1 _aAlfonso, Carlos.
_919845
245 1 0 _aLlevanza /
_cCarlos Alfonso.
260 _aPalencia :
_b[s.n.,
_c1968] (
_fImp. Merino)
300 _a71 p. ;
_c21 cm.
852 _aES-MaACL
_jG-7352
_bR.65878
999 _c22093
_d22093